000 00447nam a2200181Ia 4500
001 22401
005 20260414150829.0
008 260414t1994||||xx |||||||||||||| ||spa||
041 _aESP
082 _a621.381
_bF43
100 _aFerrero Corral, José M.
_eAUT
245 0 _aBioelectrónica :
_bseñales bioleléctricas
260 _c1994
300 _a595 páginas :
_c25 cm.
650 _aTCA
654 _aCET
942 _cLIB
_dJUS
_fJUS
_2ddc
_n
999 _c22401
_d22401